QCM - Harry Potter - Les Weasley - Statistiques

Statistiques générales
  • Ce quiz a été pris 33 fois
    16 depuis la dernière actualisation
  • Le résultat moyen est 11 sur 15
Statistiques - réponses
Question Réponse % Correct
Métier exercé par Charlie Weasley Dragonologiste
93%
Quelle est l’ancienne petite amie de Ron Weasley ? Lavande Brown
93%
Surnom donné à Molly Weasley par Arthur Weasley Molynette
93%
Qui sont les frères de Molly Weasley ? Fabian et Gideon
86%
Ginny Weasley a été au Bal de Noël, la cavalière de : Neville Londubat
86%
Épouvantard de Ron Weasley Une araignée
86%
Forme du Patronus de Fred et George Weasley Une pie
86%
Hibou de la famille Weasley Errol
79%
Véritable prénom de Bill Weasley William
79%
Surnom de Fred Weasley Freddie
71%
Prénom de la sœur de la femme de Bill Weasley Gabrielle
71%
Sortilège qui a visé George Weasley et qui lui a fait perdre une oreille Sectumsempra
64%
Bois de la baguette de Ginny Weasley If
57%
Quelle est la date de naissance d’Arthur Weasley ? 1950
50%
Percy Weasley devient l’assistant personnel de quel sorcier au Ministère ? Cornelius Fudge
43%
Aucun quiz correspondant
Distribution des résultats
% des personnes avec chaque résultat
Percentile par nombre de réponses
Votre historique - résultats
Vous n’avez pas pris ce quiz depuis la dernière actualisation